01157nam a2200193Ia 4500001001100000003001000011008004100021040002500062041001300087100003100100245007200131250001100203260009500214300001200309500024700321501011400568520024700682650003400929L240-31580IT-CnALBA170116s9999||||xx |||||||||||||| ||und|| aIT-CnALBAcIT-CnALBA aITALIANO aMAGGIONI BRUNO, SAC. DOTT. 0aLA PAZIENZA DEL CONTADINO. NOTE DI CRISTIANESIMO PER QUESTO TEMPO.  a1a ed. aMILANObVITA E PENSIERO. SOCIETÀ EDITRICEc1996 [1° Ed.:1996 - Ed.Ling.Originale: 1996] a284 p.  aLA FIDUCIA NEL SEME. ANNUNZIO DELLA PAROLA DI DIO. PAZIENZA DELL'ATTESA DELLA MATURAZIONE. COME L'ATTESA DEL CONTADINO. LA GRAZIA DELLA POTENZA DI DIO. PAROLA VANGELO. EVENTO FEDE. SPERANZA. CARITÀ. STILI DI VITA. CHIESA, FIGURA, PROBLEMI.  aSocietà San Paolo EM - Piazza San Paolo, 14 - 12051 ALBA (CN) (non commercial uses only) ® Copyright 2017 aLA FIDUCIA NEL SEME. ANNUNZIO DELLA PAROLA DI DIO. PAZIENZA DELL'ATTESA DELLA MATURAZIONE. COME L'ATTESA DEL CONTADINO. LA GRAZIA DELLA POTENZA DI DIO. PAROLA VANGELO. EVENTO FEDE. SPERANZA. CARITÀ. STILI DI VITA. CHIESA, FIGURA, PROBLEMI.  aTEOLOGIA SPIRITUALE CRISTIANA